| 000 | 00733nam a2200217Ia 4500 | ||
|---|---|---|---|
| 003 | GCL | ||
| 008 | 140319s9999 xx 000 0 ara d | ||
| 040 |
_aGCL / _cGCL |
||
| 082 | 0 | 4 |
_a025.33 _bش ت |
| 100 | 1 | _aشعبان عبدالعزيز خليفة | |
| 245 | 1 | 0 |
_aالتحليل الموضوعى للمكتبات ومراكز المعلومات / _cشعبان عبدالعزيز خليفة |
| 700 | 1 | _aفتحى عبدالهادى | |
| 260 |
_a[S.N] : _bدار العربى للنشر والتوزيع ، _c1992 |
||
| 300 | _a210 ص | ||
| 490 | _a | ||
| 650 | 0 | 4 | _aالفهرسة الموضوعية |
| 650 | 0 | 4 | _aمراكز المعلومات |
| 650 | 0 | 4 | _aالفهرسة |
| 650 | 0 | 4 | _aالمكتبات |
| 942 |
_2ddc _cBK |
||
| 999 |
_c30293 _d30293 |
||